| 000 -LEADER |
| fixed length control field |
00423nam a2200133 4500 |
| 008 - FIXED-LENGTH DATA ELEMENTS--GENERAL INFORMATION |
| fixed length control field |
191204b ||||| |||| 00| 0 eng d |
| 100 ## - MAIN ENTRY--PERSONAL NAME |
| Personal name |
Bishnoi, Jaidev |
| 245 ## - TITLE STATEMENT |
| Title |
Citizen in a post-disaster society in Indra Sinha's animal's people |
| 260 ## - PUBLICATION, DISTRIBUTION, ETC. (IMPRINT) |
| Name of publisher, distributor, etc |
Research Journal Social Sciences |
| 300 ## - PHYSICAL DESCRIPTION |
| Extent |
26(3), 2018: p.61-78. |
| 773 ## - HOST ITEM ENTRY |
| Main entry heading |
Research Journal Social Sciences |
| 906 ## - LOCAL DATA ELEMENT F, LDF (RLIN) |
| Subject DIP |
Citizenship |
| 942 ## - ADDED ENTRY ELEMENTS (KOHA) |
| Source of classification or shelving scheme |
|
| Item type |
Articles |